000 00576nam a2200229Ia 4500
003 OSt
005 20220918175532.0
006 a|||||r|||| 00| 0
007 ta
008 220917b |||||||| |||| 00| 0 eng d
024 _a17,832
037 _cTextual
040 _aARTS
_cARTS
_beng
041 _2eng
_aeng
082 _aO:1M19x, H7;J9
100 _aWhitman Walt
245 0 _aLeaves of grass ed by Malcolm Cowley
260 _c1947
650 _aENGLISH LITERATURE
942 _hO:1M19x, H7;J9
_cTEXL
_2CC
999 _c157993
_d157993